[Event "FIDE Online Olympiad"]
[Site "Chess.com"]
[Date "2020.08.23"]
[EventDate "2020.08.21"]
[Round "9"]
[Result "0-1"]
[White "Anita Gara"]
[Black "Olga Dolzhikova"]
[WhiteElo "2279"]
[BlackElo "2109"]
[Source "Chess-Results"]
[PlyCount "70"]

1. e4 g6 2. d4 Bg7 3. Nc3 c5 4. dxc5 Bxc3+ 5. bxc3 Nf6 6. e5
Ne4 7. Bc4 e6 8. Qd4 Qa5 9. Ne2 Nxc5 10. O-O Nc6 11. Qh4 Na4
12. Bf4 Nxc3 13. Nxc3 Qxc3 14. Qf6 Rg8 15. Bb5 g5 16. Bg3 Qc5
17. Bd3 Qe7 18. Qh6 Qf8 19. Qxh7 b6 20. Qe4 Bb7 21. f4 gxf4
22. Qxf4 O-O-O 23. Be4 Qc5+ 24. Kh1 Rdf8 25. Rad1 Rg7 26. Rf3
Rfg8 27. Bf2 Qe7 28. Rfd3 Rg4 29. Qe3 Rxe4 30. Qxe4 Na5
31. Rxd7 Qxd7 32. Rxd7 Bxe4 33. Rxf7 Rxg2 34. Rf4 Bd5 35. Rf8+
Kd7 0-1

[Event "FIDE Online Olympiad"]
[Site "Chess.com"]
[Date "2020.08.23"]
[EventDate "2020.08.21"]
[Round "9"]
[Result "0-1"]
[White "Marc Andria Maurizzi"]
[Black "Rauf Mamedov"]
[WhiteElo "2186"]
[BlackElo "2691"]
[Source "Chess-Results"]
[PlyCount "74"]

1. d4 Nf6 2. Nf3 g6 3. Nbd2 Bg7 4. e4 O-O 5. e5 Nd5 6. Bc4 Nb6
7. Bb3 d6 8. Qe2 Nc6 9. c3 dxe5 10. dxe5 Bf5 11. e6 f6 12. Ne4
Na5 13. Nc5 Nxb3 14. axb3 Qd5 15. Qe3 a5 16. O-O Rfd8 17. Re1
Qc6 18. c4 a4 19. Nxa4 Nxa4 20. bxa4 Qxc4 21. b3 Qc2 22. Nd4
Qd3 23. Nxf5 Qxf5 24. Ba3 Rd3 25. Qe2 Bf8 26. Qc2 c6 27. h3
Rad8 28. Bb4 R8d5 29. a5 Qf4 30. Ra4 Qg5 31. h4 Qf5 32. a6
bxa6 33. Qxc6 Rd8 34. Qe4 Qb5 35. Ra5 Qb6 36. Qc4 R3d4 37. Bc5
Qxa5 0-1

[Event "FIDE Online Olympiad"]
[Site "Chess.com"]
[Date "2020.08.23"]
[EventDate "2020.08.21"]
[Round "9"]
[Result "0-1"]
[White "Gadir Guseinov"]
[Black "Timothe Razafindratsima"]
[WhiteElo "2692"]
[BlackElo "2199"]
[Source "Chess-Results"]
[PlyCount "84"]

1. e4 c5 2. Nc3 d6 3. Bb5+ Nd7 4. d4 cxd4 5. Qxd4 a6 6. Bxd7+
Bxd7 7. Nge2 e5 8. Qd3 h6 9. b3 Nf6 10. a4 Be6 11. Ba3 Qc7
12. Rd1 Rd8 13. Nd5 Bxd5 14. exd5 Be7 15. c4 O-O 16. O-O Nd7
17. Ng3 g6 18. b4 Nb6 19. a5 Nd7 20. c5 f5 21. c6 bxc6
22. Qxa6 cxd5 23. Rxd5 Nf6 24. Rc1 Qd7 25. Rb5 f4 26. Rb7 Qe6
27. Nf1 f3 28. g3 Rf7 29. Ne3 Qa2 30. Qd3 e4 31. Qc3 Nd5
32. Nxd5 Qxd5 33. a6 e3 34. Qc2 e2 35. Bb2 Qe6 36. Re1 Qh3
37. Qxg6+ Kf8 38. Qxh6+ Qxh6 39. h4 Bxh4 40. Bc1 Bg5 41. Bxg5
Qh3 42. Bxd8 Qg2# 0-1